| 000 | 00991nam a22002651u 4500 | ||
|---|---|---|---|
| 001 | 12632 | ||
| 003 | HDC | ||
| 007 | cr bn --- | ||
| 008 | 210209p2001 my eng | ||
| 040 | _aHDC | ||
| 100 |
_aRushidah Wan Zain, _eauthor _913388 |
||
| 245 | 0 |
_aEffects of paclobutrazol application on flowering time, fruit maturity and quality of durian clone D24 / _cby MRushidah Wan Zain and Abd. Razak Shaari |
|
| 260 |
_aSerdang : _bMalaysian Agricultural Research and Development Institute (MARDI), _c2001 |
||
| 300 | _a1 page | ||
| 336 |
_atext _2rdacontent |
||
| 337 |
_acomputer _2rdamedia |
||
| 338 |
_aonline resource _2rdacarrier |
||
| 650 |
_aD24 clone _913389 |
||
| 650 |
_aFlower emergence _913391 |
||
| 650 |
_aPaclobutrazol _913390 |
||
| 856 | _zRequest full-text at [email protected] | ||
| 942 | _2lcc | ||
| 942 | _cAR | ||
| 942 | _kJART 003180 | ||
| 999 |
_c9955 _d9955 |
||